Auditing & assurance services : (Record no. 2826)
[ view plain ]
| 000 -LEADER | |
|---|---|
| fixed length control field | 02119cam a2200157 a 4500 |
| 020 ## - INTERNATIONAL STANDARD BOOK NUMBER | |
| ISBN | 0072908289 |
| 050 00 - CALL NUMBER | |
| Classification number | HF5667 |
| Item number | .M46 2000 |
| 100 1# - AUTHOR | |
| Personal name | Messier, William F. |
| 245 10 - TITLE | |
| Title | Auditing & assurance services : |
| Remainder of title | a systematic approach / |
| Statement of responsibility, etc | William F. Messier. |
| 250 ## - EDITION | |
| Edition statement | 2nd ed. |
| 260 ## - PUBLICATION INFORMATION | |
| Place of publication | Boston : |
| Name of publisher | Irwin/McGraw-Hill, |
| Year of publication | c2000. |
| 300 ## - DESCRIPTION | |
| Number of Pages | xxxix, 806 p. : |
| Other physical details | ill. (some col.) ; |
| Dimensions | 26 cm. |
| 505 ## - FORMATTED CONTENTS NOTE | |
| Table of Content | pt. I. Introduction to Auditing and Assurance Services. 1. An Introduction to Auditing and Assurance Services. 2. An Overview of Financial Statement Auditing --<br/>pt. II. Basic Auditing Concepts: Materiality, Audit Risk, and Evidence. 3. Materiality and Audit Risk. 4. Evidential Matter, Types of Evidence, and Working Paper Documentation --<br/>pt. III. Planning the Audit and Understanding Internal Control. 5. Audit Planning and Types of Audit Tests. 6. Internal Control in a Financial Statement Audit. 7. The Effects of Information Technology on the Audit Function --<br/>pt. IV. Statistical Tools for Auditing. 8. Audit Sampling: An Overview and Application to Tests of Controls. 9. Audit Sampling: An Application to Substantive Tests of Account Balances --<br/>pt. V. Auditing Accounting Applications and Related Accounts. 10. Auditing the Revenue Cycle and Related Accounts. 11. Auditing the Purchasing Cycle and Related Accounts. 12. Auditing the Payroll Cycle and Related Accounts. 13. Auditing the Inventory Cycle and Related Accounts. 14. Auditing Selected Asset Accounts: Prepaid Expenses and Property, Plant, and Equipment. 15. Auditing Long-Term Liabilities, Stockholders' Equity, and Income Statement Accounts. 16. Auditing Cash and Investments --<br/>pt. VI. Completing the Audit and Reporting Responsibilities. 17. Completing the Engagement. 18. Reports on Audited Financial Statements and Special Reporting Issues --<br/>pt. VII. Professional Responsibilities. 19. The Code of Professional Conduct and Quality Control Standards. 20. Legal Liability --<br/>pt. VIII. Assurance, Attestation, and Other Forms of Services. 21. Assurance, Attestation, and Other Forms of Services. |
| 650 #0 - SUBJECTS | |
| Topical Term | Auditing. |
| 942 ## - ADDED ENTRY ELEMENTS (KOHA) | |
| Koha item type | Books |
| Withdrawn status | Lost status | Home library | Current library | Shelving location | Date acquired | Full call number | Accession Number | Koha item type |
|---|---|---|---|---|---|---|---|---|
| Methodist University Library Main | Methodist University Library Main | General Stacks | 05/04/2005 | HF5667 .M46 2000 | 13748 | Books | ||
| Methodist University Library Main | Methodist University Library Main | General Stacks | 05/04/2005 | HF5667 .M46 2000 | 13746 | Books | ||
| Methodist University Library Main | Methodist University Library Main | General Stacks | 05/04/2005 | HF5667 .M46 2000 | 13749 | Books | ||
| Methodist University Library Main | Methodist University Library Main | General Stacks | 05/04/2005 | HF5667 .M46 2000 | 13747 | Books | ||
| Methodist University Library Wenchi Faculty | Methodist University Library Wenchi Faculty | 18/10/2021 | HF5667 .M46 2000 | 13745 | Books |